| 000 | 00758nam a22002297i 4500 | ||
|---|---|---|---|
| 003 | DO-SdBNP | ||
| 005 | 20240412145558.0 | ||
| 007 | ta | ||
| 008 | 240412b2023 dr ||||| |||| 00| p spa d | ||
| 020 | _a9789945186697 | ||
| 040 |
_aDO-SdBNP _bspa _cBNPHU _erda |
||
| 082 | 4 | _222 | |
| 100 | 1 |
_aVicente, Máximo, _d1974- _eautor _985222 |
|
| 245 | 1 | 0 |
_aCómo tratar y entender a la mujer / _bMáximo Vicente ; prólogo José Emilio De Jesús |
| 264 |
_aSanto Domingo, República Dominicana : _bEditorial Santuario, _c2023. |
||
| 300 |
_a98 páginas ; _c22 cm. |
||
| 336 |
_2rdacontent _atexto _btxt |
||
| 337 |
_2rdamedia _asin mediación _bn |
||
| 338 |
_2rdacontent _avolumen _bnc |
||
| 700 | 1 |
_aJesús, José Emilio De _eprólogo _985223 |
|
| 942 |
_2ddc _cLBS1 |
||
| 999 |
_c56383 _d56383 |
||